000 00670nam a2200217 a 4500
001 000023969
005 20260114124842.0
008 110117s1999 sp a 000 0 spa d
020 _a8479533137
040 _aDO-SdBNP
_bspa
_cBNPHU
082 _a181.45
_bC157g
100 1 _aCalle, Ramiro A.
_d1943-
_949303
245 1 0 _aEl gran libro de yoga /
_cRamiro A. Calle.
260 _aBarcelona, (España) :
_bEdiciones Urano,
_c1999.
300 _a250, [4] p. :
_bil. ;
_c23 cm.
500 _aIncluye datos biográfico del autor en solapa de la contracubierta
650 4 _aYoga
_9685
650 0 _aMeditaciones
_95988
650 0 _aMente y cuerpo
_92740
049 _aBNGR
999 _c23464
_d23464